000 01276nas a2200277Ia 4500
001 R235-R2327
003 IT-CnALBA
008 170116c99999999xx |||||||||||| ||und||
040 _aIT-CnALBA
_cIT-CnALBA
041 _aITALIANO
100 _aZAMBERNARDI GIUSEPPE
210 _aIL FAMEDIO
222 _aIL FAMEDIO
245 0 _aIL FAMEDIO. N. I. MAGGIO 1968.
_b RIVISTA LETTERARIA CENTRO MARIANO MONTENERO
250 _a1a ed.
260 _a LIVORNO
_bCENTRO MARIANO MONTENERO
_c1968
300 _a80 p.
310 _aBIMESTRALE
362 _aFascicolo: 1 / (1968)
500 _aDOZZINI B,. RODINO'' M.N. IACOROSSI M. MORGIONE G. FAMEDIO. UBICAZIONE MONTENERO. PREMIO MARIANO MONTENERO. TAVOLE FUORI TESTO. CINQUE EDIZIONI DEL PREMIO, 1963 1967. OPERE POETICHE SELEZIONATE. ORDINAZIONE SACERDOTALE. SOLO, CON MARIA.
501 _aSocietà San Paolo EM - Piazza San Paolo, 14 - 12051 ALBA (CN) (non commercial uses only) ® Copyright 2017
520 _aDOZZINI B,. RODINO'' M.N. IACOROSSI M. MORGIONE G. FAMEDIO. UBICAZIONE MONTENERO. PREMIO MARIANO MONTENERO. TAVOLE FUORI TESTO. CINQUE EDIZIONI DEL PREMIO, 1963 1967. OPERE POETICHE SELEZIONATE. ORDINAZIONE SACERDOTALE. SOLO, CON MARIA.
650 _aANGELI SANTI DEMONI
942 _cCR
957 _71
999 _a12304
_bNO
_g1
_c320401
_d320401